000
00338nam a2200145Ia 4500
008
150301s2015 xx 000 0 und d
082
_a
615.4
_b
I15W
100
_a
KAREN WHOLEN
245
_a
LIPPINCOLT ILLUSTNAFED PHARMACOLOGY
250
_a
6TH
260
_b
WOLTER KLUMER
300
_a
670
650
_a
PHARMACOLOGY
942
_2
ddc
_c
BK
999
_c
7246
_d
7246